[Event "Warsaw Najdorf Memorial op-A 07th"]
[Site "Warsaw"]
[Date "2009.07.24"]
[Round "7"]
[White "Staniszewski, Piotr"]
[Black "Witek, Tomasz"]
[Result "1-0"]
[WhiteElo "2383"]
[BlackElo "2138"]
[PlyCount "85"]
[EventDate "2009.07.18"]
[EventType "swiss"]
[EventRounds "9"]
[EventCountry "POL"]
[SourceTitle "CBM 131 Extra"]
[Source "ChessBase"]
[SourceDate "2009.09.03"]
[SourceVersion "2"]
[SourceVersionDate "2009.09.16"]
[SourceQuality "1"]

1. d4 Nf6 2. c4 g6 3. Nc3 Bg7 4. e4 d6 5. Nf3 c6 6. Be2 0-0 7. 0-0 Nbd7 8. Qc2 e5 9. Rd1 Re8 10. d5 c5 11. a3 a6 12. b4 Rb8 13. Rb1 Kh8 14. Ne1 Ng8 15. Nd3 Bh6 16. bxc5 Bxc1 17. Qxc1 dxc5 18. Bg4 Ngf6 19. Bh3 Qa5 20. Rb3 b5 21. Bxd7 Nxd7 22. Qd2 Rb6 23. Nb2 f5 24. Nb1 Qxd2 25. Nxd2 fxe4 26. Nxe4 bxc4 27. Rxb6 Nxb6 28. Nd6 c3 29. Nbc4 Nxc4 30. Nxe8 Nxa3 31. d6 Nb5 32. Rc1 Bf5 33. g4 Be6 34. Nc7 Bxg4 35. Nxa6 Nxd6 36. Nxc5 Nb5 37. Ne4 Nd4 38. Nxc3 e4 39. Ra1 Nf3+ 40. Kg2 Ne5 41. Ra7 Bf5 42. Nd5 h5 43. Nf6 1-0